1742 1567 1029 1566 1394 1866 1727 1866 1155 1782 1940 1647 1672 1896 1664 1837 1302 1613 1543 1698 1566 1301 1944 1435 1569 1099 1956 1358 1877 1380 1807 1946 1621 1441 1738 1099 1702 1597 1569 1744 1249 1647 1591 1832 1258 1008 1428 1174 1512 1211 1755 1553 1713 1100 1181 1419 1689 1635 1070 1748 1678 1395 1709 1154 1185 1470 1678 1395 1172 1672 1341 1785 1156 1309 1886 1556 1813 1668 1520 1743 1188 1645 1236 1255 1535 1763 1017 1906 1967 1400 1272 1414 1907 1607 1905 1132 1563 1958 1816 BCNSPRNW ULIB Ver.6.0+V

เปลี่ยนเป็นภาษาไทย

Change to English
 แสดงรายละเอียดบรรณานุกรม
  กลับหน้าหลัก

Brief Record : Get Marc (ISO 2709) : E-mail record : QR code < ปิดหน้าต่าง
LEADER : 00000nam 2200000uu 4500
001    13399108935
003     ULIB
008    110317s2544||||th 000 0 tha d
020    9742940983
060 04 WA9^bร194ป 2544
245 00 รวมปาฐกถาและข้อเสนอเพื่อการกระจายอำนาจด้านสุขภาพ /^cกองบรรณาธิการ, สุณี วงศ์คงคาเทพ, บำรุง ตนะวัฒนา
250    พิมพ์ครั้งที่ 1
260    นนทบุรี :^bสำนักงานโครงการปฏิรูประบบบริการสาธารณสุข,^c2544
300    64 หน้า ;^c21 ซม.
440  0 เอกสารชุดวิชาการ"การกระจายอำนาจด้านสุขภาพ" ;^vฉบับที่ 6
500    เวทีวิชาการปฏิรูประบบบริการสุขภาพไทย ครั้งที่ 2เรื่องการกระจายอำนาจสุขภาพไทย วันที่ 23-25 มกราคม 2544 ณ ศูนย์การประชุมแห่งชาติสิริกิติ์ คลองเตย กรุงเทพฯ จัดโดย สำนักงานโครงการปฏิรูประบบบริการสาธารณสุข
650  7 ปาฐกถา
650  7 สาธารณสุข, การบริการ^vปาฐกถา
653    การกระจายอำนาจด้านสุขภาพ^vปาฐกถา
700 0  สุณี วงศ์คงคาเทพ,^eบรรณาธิการ
700 0  บำรุง ตนะวัฒนา,^eบรรณาธิการ
710 2  สำนักงานโครงการปฏิรูประบบบริการสาธารสุข
711 2  เวทีวิชาการปฏิรูประบบบริการสุขภาพไทย^n(ครั้งที่ 2 :^d2544:^cกรุงเทพฯ)
945    ^p0^l0^i013522
995    ทศพร
999 ^a ใช้งานได้ทุกระบบ
รายการนี้ยังไม่มีแท็ก
คุณยังไม่ได้ล็อกอิน คุณสามารถมีกิจกรรมร่วมกับเว็บไซต์ได้ แต่ต้องล็อกอินก่อน ::
  ล็อกอิน

รายการสื่อสารสนเทศ

ลำดับที่ ประเภท เลขเรียก/บาร์โค้ด สถานที่ สถานะ
- ไม่พบข้อมูล -

รายการใกล้เคียง
    หัวเรื่อง [ปาฐกถา]

BibComment


ยังไม่เคยถูกคอมเมนท์

คอมเมนท์ทรัพยากรรายการนี้
  คอมเมนท์: รวมปาฐกถาและข้อเส..


 Copyright 2026. Bcnsprnw @Library